Production Planning and Control: (Record no. 173216)

MARC details
000 -LEADER
fixed length control field 00608nam a22001937a 4500
005 - DATE AND TIME OF LATEST TRANSACTION
control field 20200220125032.0
010 ## - LCCN (DPL NO)
LC control number ENG-127909
020 ## - INTERNATIONAL STANDARD BOOK NUMBER
Terms of availability 595.00
International Standard Book Number 9789387593
035 ## - SYSTEM CONTROL NUMBER
System control number EN-111441
037 ## - SOURCE OF ACQUISITION
Source of stock number/acquisition DBAD/PUB
082 ## - DEWEY DECIMAL CLASSIFICATION NUMBER
Classification number 658.5
100 ## - MAIN ENTRY--PERSONAL NAME
Personal name D R Kiran
245 ## - TITLE STATEMENT
Title Production Planning and Control:
Statement of responsibility, etc D R Kiran
Remainder of title a comprehensive approach
260 ## - PUBLICATION, DISTRIBUTION, ETC. (IMPRINT)
Place of publication, distribution, etc Hyderabad
Date of publication, distribution, etc 2018
Name of publisher, distributor, etc BSP Publications
270 ## - ADDRESS
Address 4-4-309/316,Giriraj Lane,Sultan Bazar
Postal code 500095
City Hyderabad
300 ## - PHYSICAL DESCRIPTION
Extent 585p.
Other physical details 24cm(pbk)
500 ## - GENERAL NOTE
General note includes bibliographical references and index
942 ## - ADDED ENTRY ELEMENTS (KOHA)
Source of classification or shelving scheme Dewey Decimal Classification
Item type English Books
Classification part 658.5
Call number suffix KIR
Holdings
Withdrawn status Lost status Not for loan Collection code Home library Current library Date acquired Source of acquisition Cost, normal purchase price Full call number Barcode Copy number Cost, replacement price Koha item type
      Non-fiction Central Library Central Library 20/02/2020 DBAD/PUB 595.00 658.5 KIR EN-111441 1 595.00 English Books

© Delhi Public Library
Hit Counter
free hit counter